000 02289nam a22002657a 4500
003 URS
005 20240420002613.0
008 240416b |||||||| |||| 00| 0 eng d
050 0 0 _aLG 221.R59.F3124
_b2012
100 1 _aCeremonia, Jennifer J.
_eResearcher
245 1 0 _aFeasibility study in establishing an Internet Cafe and Restaurant (Interesto) in Baranggay Manggahan, Rodriguez, Rizal/
_cJennifer J. Ceremonia [et....al]
260 1 _c2012
300 _axxii, 121 leaves,
_billustration,
_c28 cm
336 _2text
_ardacontent
337 _2rdamedia
_aunmediated
338 _2rdacarrier
_avolume
502 _aUndergraduate Thesis
_bBachelor of Science in Business Administration Major in Human Resource Management
_cUniversity of Rizal System, Rodriguez, Rizal
_d2012
520 _aThis part presents the proposed name of the project, the type of business organization, location and the brief history of the project Name of the Project The proposed name of the project will be INTERESTO (Internet Cafe and Restaurant) that came from combination of two businesses itself. Wherein, "INTER" stands for internet where the prospect clients could spend their leisure time and do their assignments and projects and "RESTO" for restaurant where people can buy different quality foods, desserts and beverages that suits to their taste. Type of Business Organization The proponents agreed to form a partnership. It classified as "limited partnership", where the partners could either be limited and general partner. A Limited Partner shall be liable to the extent of the contribution to the limited partnership only. And one of the partners must be a general partner to assume the partnership and paid liability. Location of the Project The partners agreed that the INTERESTO will be established at E. Rodriguez, Highway Manggahan, Rodriguez, Rizal. The business will cater the needs and wants of students as well as nearby residents of Manggahan and San Jose proper.
650 _2Feasibility study in establishing an Internet Cafe and Restaurant (Interesto
700 _aCuya, Charisse E.
_eResearcher
700 _aEspiritu, Diana Fe S.
_eResearcher
700 _aLauden, Monica A.
_eResearcher
700 _aManiaol, Maricel V.
_eAdviser
942 _2lcc
_cT
999 _c78047
_d78046